| 000 | 01302nam a22002655a 4500 | ||
|---|---|---|---|
| 003 | OSt | ||
| 005 | 20170320124852.0 | ||
| 008 | 170313s2016 ua frb 000 0 ara d | ||
| 015 | _a2016 / 8838 | ||
| 020 | _a9789770480878 | ||
| 040 |
_aEG-ScBUE _bara _cEG-ScBUE |
||
| 043 | _af-ua--- | ||
| 082 | 0 | 4 |
_a346.65486 _bج ر ج _222 |
| 100 | 1 | _aجرجس، جورج نبيل ميشيل. | |
| 245 | 1 | 2 |
_aالترخيص الإجباري باستغلال براءة الاختراع ودوره في حماية الصحة العامة في مصر : _bدراسة تحليلية في ضوء أحكام اتفاقية الجوانب التجارية للملكية الفكرية (التريبس) والقانون المصري / _cجورج نبيل ميشيل جرجس. |
| 260 |
_aالقاهرة : _bدار النهضة العربية، _c2016. |
||
| 300 |
_a382 ص. ؛ _c24 سم. |
||
| 504 | _aيشتمل على إرجاعات ببليوجرافية. | ||
| 630 | 7 |
_aاتفاقية الجوانب المتصلة بالتجارة من حقوق الملكية الفكرية _d(1994) |
|
| 650 | 7 |
_2BUEsh _aبراءات الاختراع _xقوانين وتشريعات _zمصر. _941045 |
|
| 650 | 7 |
_2BUEsh _aالصحة العامة _zمصر. _98516 |
|
| 651 | _2BUEsh | ||
| 653 |
_bLLAAWW _cMarch2017 |
||
| 942 | _2ddc | ||
| 999 |
_c24489 _d24461 |
||